Acteurs ayant interprété Zorro - Statistiques

Statistiques générales
  • Ce quiz a été pris 70 fois
  • Le résultat moyen est 3 sur 9
Statistiques - réponses
Par images Hint Réponse % Correct
Zorro (série TV française de 2024) Jean Dujardin
85%
Le Masque de Zorro (1998) et La Légende de Zorro (2005) Antonio Banderas
77%
Zorro (film français de 1975) Alain Delon
68%
1957-1961 Guy Williams
43%
Le Signe de Zorro (1920) Douglas Fairbanks
15%
La Grande Zorro (1981) George Hamilton
9%
Zorro (série TV espagnole de 2024) Miguel Bernardeau
8%
Zorro (série TV américaine de 1990 à 1993) Duncan Regehr
6%
Zorro, l'Épée et la Rose (2007) Christian Meier
2%
Aucun quiz correspondant
Distribution des résultats
% des personnes avec chaque résultat
Percentile par nombre de réponses
Votre historique - résultats
Vous n’avez pas pris ce quiz